|
|
|
|
| LEADER |
00722nam a22002417a 4500 |
| 003 |
OSt |
| 020 |
|
|
|a 9789384337230
|
| 082 |
|
|
|a 571.2
|b AFR/PL
|
| 100 |
|
|
|a Afroz Alam
|
| 245 |
|
|
|a Plant physiology
|
| 260 |
|
|
|a Delhi
|b Narendra Publishing House
|c 2015
|
| 300 |
|
|
|a 272p
|
| 546 |
|
|
|a English
|
| 650 |
|
|
|a Enzymes
|
| 650 |
|
|
|a Cell and cell organelles
|
| 650 |
|
|
|a Water relations
|
| 650 |
|
|
|a Transpiration
|
| 650 |
|
|
|a Bioenergetics
|
| 700 |
|
|
|a Sharad Vats
|
| 700 |
|
|
|a Abhishek Tripathi
|
| 942 |
|
|
|2 ddc
|c BK
|
| 999 |
|
|
|c 155950
|d 155950
|
| 952 |
|
|
|0 0
|1 0
|2 ddc
|4 0
|6 571_200000000000000_AFRPL
|7 0
|8 Gen
|9 154998
|a KAUCLV
|b KAUCLV
|c GENERAL
|d 2017-07-03
|g 1895.00
|l 2
|m 2
|o 571.2 AFR/PL
|p 226489
|r 2019-08-22
|s 2019-06-30
|w 2017-07-03
|y BK
|